000 00300nam a2200121Ia 4500
008 190216s9999||||xx |||||||||||||| ||und||
100 _aSunith Shukla
245 0 _aHindi-Vishwa Yevam Bharath Ka Mughal
260 _bSenpuri Publishing House
_c2009
300 _a386
650 _aHindi
942 _cBK
999 _c16915
_d16915